Международная конференция по облегченным пространственным конструкциям покрытий для строительства в обычных и сейсмических районах (Алма-Ата, 13-16 сентября 1977 г.): доклады

التفاصيل البيبلوغرافية
مؤلفون مشاركون: Центральный научно-исследовательский институт строительных конструкций им. В. А. Кучеренко, Облегченные пространственные конструкции покрытий для строительства в обычных и сейсмических районах
اللغة:الروسية
منشور في: Москва, Стройиздат, 1977
الموضوعات:
التنسيق: MixedMaterials كتاب
KOHA link:https://koha.lib.tpu.ru/cgi-bin/koha/opac-detail.pl?biblionumber=370462

MARC

LEADER 00000nam0a2200000 4500
001 370462
005 20231102012301.0
035 |a (RuTPU)RU\TPU\retro\27871 
090 |a 370462 
100 |a 20220701d1977 k y0rusy50 ca 
101 0 |a rus 
102 |a RU 
105 |a a z 101zy 
200 1 |a Международная конференция по облегченным пространственным конструкциям покрытий для строительства в обычных и сейсмических районах (Алма-Ата, 13-16 сентября 1977 г.)  |e доклады  |f Центральный научно-исследовательский институт строительных конструкций им. В. А. Кучеренко 
210 |a Москва  |c Стройиздат  |d 1977 
215 |a 447 с.  |c ил. 
320 |a Библиография в конце некоторых докладов 
606 1 |a Покрытия пространственных конструкций, облегченые  |2 stltpush  |3 (RuTPU)RU\TPU\subj\50034  |9 68794 
610 1 |a пространственные конструкции 
610 1 |a статические воздействия 
610 1 |a сейсмические воздействия 
610 1 |a теоретические исследования 
610 1 |a экспериментальные исследования 
610 1 |a оболочки 
610 1 |a многогранники 
610 1 |a структуры 
610 1 |a висячие системы 
610 1 |a пневматические конструкции 
610 1 |a возведение 
610 1 |a строительство 
610 1 |a обычные районы 
610 1 |a сейсмические районы 
610 1 |a конференции 
675 |a 692.44(063)  |v 4 
712 0 2 |a Центральный научно-исследовательский институт строительных конструкций им. В. А. Кучеренко  |2 stltpush  |3 (RuTPU)RU\TPU\col\9545  |9 24710 
712 1 2 |a Облегченные пространственные конструкции покрытий для строительства в обычных и сейсмических районах  |c конференция  |e Алма-Ата  |f 1977 
801 1 |a RU  |b 63413507  |c 20220701 
942 |c BK